Tahqeeq kay Tariky (Record no. 16221)
[ view plain ]
| 000 -LEADER | |
|---|---|
| fixed length control field | 00622nam a22001697a 4500 |
| 003 - CONTROL NUMBER IDENTIFIER | |
| control field | OSt |
| 005 - DATE AND TIME OF LATEST TRANSACTION | |
| control field | 20170105102935.0 |
| 020 ## - INTERNATIONAL STANDARD BOOK NUMBER | |
| International Standard Book Number | 96940469 |
| 040 ## - CATALOGING SOURCE | |
| Original cataloging agency | 0 |
| 082 ## - DEWEY DECIMAL CLASSIFICATION NUMBER | |
| Classification number | 301.072 |
| Author Mark | ZUB 2013 |
| 100 ## - MAIN ENTRY--PERSONAL NAME | |
| Personal name | Zubairy, Nisar Ahmed |
| 245 ## - TITLE STATEMENT | |
| Title | Tahqeeq kay Tariky |
| Statement of responsibility, etc. | Nisar Ahmed Zubairy |
| 260 ## - PUBLICATION, DISTRIBUTION, ETC. | |
| Place of publication, distribution, etc. | Karachi |
| Name of publisher, distributor, etc. | University of Karachi |
| Date of publication, distribution, etc. | 2013 |
| 300 ## - PHYSICAL DESCRIPTION | |
| Extent | 510 |
| 650 ## - SUBJECT ADDED ENTRY--TOPICAL TERM | |
| Topical term or geographic name entry element | What & Why of Research, Scientific point of view,Types of Research, Measurement, Research Process, Hypothesis, Historiography, Survey of Measurement, Sampling, Contents Analysis, Case Study , Experiment Method, Introductory Statistics, SPSS |
| 942 ## - ADDED ENTRY ELEMENTS (KOHA) | |
| Source of classification or shelving scheme | |
| Koha item type | Book |
| Withdrawn status | Lost status | Damaged status | Not for loan | Collection code | Permanent Location | Current Location | Shelving location | Date acquired | Total Checkouts | Full call number | Barcode | Date last seen | Price effective from | Koha item type |
|---|---|---|---|---|---|---|---|---|---|---|---|---|---|---|
| Centre for International Peace & Stability (CIPS) | Centre for International Peace & Stability (CIPS) | General Stacks | 09/01/2015 | 301.072 ZUB 2013 | CIPS0002644 | 09/01/2015 | 09/01/2015 | Book |
